Nicki Minaj Charting Songs (Billboard Hot 100) - Statistics

General Stats
  • This quiz has been taken 273 times
    74 since last reset
  • The average score is 62 of 149
Answer Stats
Album Weeks On Peak Artist(s) Song % Correct
Sweet Talker & My Everything 31 Weeks #3 Jessie J, Nicki Minaj & Ariana Grande Bang Bang
100%
Pink Friday: Roman Reloaded 31 Weeks #5 Nicki Minaj Starships
97%
Pink Friday 39 Weeks #3 Nicki Minaj Super Bass
97%
Dangerous Woman 28 Weeks #4 Ariana Grande ft. Nicki Minaj Side to Side
94%
Queen 16 Weeks #10 Nicki Minaj Chun-Li
91%
Culture II 22 Weeks #6 Migos ft. Nicki Minaj & Cardi B Motorsport
91%
Hot Pink 38 Weeks #1 (1 Week) Doja Cat ft. Nicki Minaj Say So
91%
The Pinkprint 22 Weeks #2 Nicki Minaj Anaconda
88%
DUMMY BOY 20 Weeks #3 6ix9ine ft. Nicki Minaj & Murda Beatz FEFE
88%
Like..? 20 Weeks #4 Ice Spice & Nicki Minaj Princess Diana
88%
Believe 26 Weeks #5 Justin Bieber ft. Nicki Minaj Beauty and a Beat
85%
The Pinkprint 25 Weeks #12 Nicki Minaj ft. Drake, Lil Wayne & Chris Brown Only
85%
Queen Radio: Volume 1 and Pink Friday 2 25 Weeks #1 (1 Week) Nicki Minaj Super Freaky Girl
85%
Barbie: The Album 21 Weeks #7 Nicki Minaj, Ice Spice & Aqua Barbie World
79%
Queen 10 Weeks #42 Nicki Minaj ft. Ariana Grande Bed
79%
Pink Friday 20 Weeks #19 Nicki Minaj ft. Rihanna Fly
79%
Listen 24 Weeks #8 David Guetta ft. Nicki Minaj, Bebe Rexha & Afrojack Hey Mama
79%
TattleTales 4 Weeks #1 (1 Week) 6ix9ine ft. Nicki Minaj TROLLZ
79%
Nothing but the Beat 27 Weeks #4 David Guetta ft. Nicki Minaj Turn Me On
76%
My Beautiful Dark Twisted Fantasy 10 Weeks #18 Kanye West ft. Jay-Z, Rick Ross, Bon Iver & Nicki Minaj Monster
74%
Passion, Pain & Pleasure 26 Weeks #6 Trey Songz ft. Nicki Minaj Bottoms Up
71%
Pink Friday: Roman Reloaded 18 Weeks #15 Nicki Minaj Pound The Alarm
71%
Gotti-Made It 22 Weeks #8 Yo Gotti ft. Nicki Minaj Rake It Up
71%
The Pinkprint 20 Weeks #14 Nicki Minaj ft. Drake & Lil Wayne Truffle Butter
71%
Queen Radio: Volume 1 13 Weeks #2 Nicki Minaj ft. Lil Baby Do We Have a Problem?
68%
Girl On Fire 30 Weeks #11 Alicia Keys ft. Nicki Minaj Girl on Fire
68%
Pink Friday 23 Weeks #13 Nicki Minaj ft. Drake Moment 4 Life
68%
The Pinkprint 17 Weeks #31 Nicki Minaj The Night Is Still Young
68%
Queen 7 Weeks #18 Nicki Minaj Barbie Dreams
65%
Finally Famous 24 Weeks #10 Big Sean ft. Nicki Minaj Dance (A$$)
65%
Take Care 20 Weeks #9 Drake ft. Nicki Minaj Make Me Proud
65%
Pink Friday: Roman Reloaded 20 Weeks #22 Nicki Minaj Va Va Voom
65%
Non-Album Single 16 Weeks #11 Megan Thee Stallion ft. Nicki Minaj & Ty Dolla $ign Hot Girl Summer
62%
Non-Album Single 7 Weeks #14 Nicki Minaj, Drake & Lil Wayne No Frauds
62%
Beam Me Up Scotty 4 Weeks #12 Nicki Minaj, Drake & Lil Wayne Seeing Green
62%
Nu King 20 Weeks #29 Jason Derulo ft. Nicki Minaj & Ty Dolla $ign Swalla
62%
Stay Dangerous 24 Weeks #16 YG ft. 2 Chainz, Big Sean & Nicki Minaj Big Bank
59%
Pink Friday 15 Weeks #24 Nicki Minaj & will.i.am Check It Out
59%
The Pinkprint 20 Weeks #39 Nicki Minaj ft. Beyonce Feeling Myself
59%
Non-Album Single 24 Weeks #3 Britney Spears ft. Nicki Minaj & Ke$ha Till The World Ends
59%
For Certain 17 Weeks #16 BIA ft. Nicki Minaj Whole Lotta Money
59%
Pink Friday 20 Weeks #14 Nicki Minaj Your Love
59%
Pink Friday 2 20 Weeks #24 Nicki Minaj ft. Lil Uzi Vert Everybody
56%
The Pinkprint 18 Weeks #24 Nicki Minaj Pills N Potions
56%
Pink Friday 5 Weeks #56 Nicki Minaj ft. Eminem Roman's Revenge
56%
Dreams Worth More Than Money 20 Weeks #21 Meek Mill ft. Chris Brown & Nicki Minaj All Eyes On You
53%
Pink Friday: Roman Reloaded - The Re-Up 14 Weeks #64 Nicki Minaj ft. Lil Wayne High School
53%
Non-Album Single 21 Weeks #42 Karol G & Nicki Minaj Tusa
53%
Pink Friday: Roman Reloaded 20 Weeks #48 Nicki Minaj ft. 2 Chainz Beez In The Trap
50%
Pink Friday 2 20 Weeks #15 Nicki Minaj FTCU
50%
Still Striving 25 Weeks #26 A$AP Ferg ft. Nicki Minaj Plain Jane
50%
Pink Friday: Roman Reloaded 15 Weeks #51 Nicki Minaj ft. Chris Brown Right By My Side
50%
Nothing but the Beat 20 Weeks #14 David Guetta ft. Flo Rida & Nicki Minaj Where Them Girls At
50%
Beyonce 20 Weeks #41 Beyonce ft. Nicki Minaj or Chimamanda Ngozi Adichie ***Flawless
47%
MDNA 6 Weeks #10 Madonna ft. Nicki Minaj & M.I.A. Give Me All Your Luvin'
47%
DUMMY BOY 4 Weeks #43 6ix9ine ft. Nicki Minaj & Kanye West MAMA
47%
Non-Album Single 5 Weeks #20 Nicki Minaj MEGATRON
47%
Witness 10 Weeks #46 Katy Perry ft. Nicki Minaj Swish Swish
47%
The Art of Hustle 21 Weeks #13 Yo Gotti ft. Nicki Minaj Down in the DM
44%
Queen 6 Weeks #60 Nicki Minaj ft. Lil Wayne Good Form
44%
Love Yourself: Answer 3 Weeks #11 BTS ft. Nicki Minaj IDOL
44%
Pink Friday 2 2 Weeks #23 Nicki Minaj Last Time I Saw You
44%
Battle of the Sexes 20 Weeks #11 Ludacris ft. Nicki Minaj My Chick Bad
44%
Pink Friday: Roman Reloaded 5 Weeks #59 Nicki Minaj Stupid Hoe
44%
Sremmlife 20 Weeks #30 Rae Sremmurd ft. Nicki Minaj & Young Thug Throw Sum Mo
44%
beerbongs and bentleys 14 Weeks #16 Post Malone ft. Nicki Minaj Ball For Me
41%
Queen 1 Week #58 Nicki Minaj ft. Eminem & Labrinth Majesty
41%
Trendsetter 4 Weeks #37 Coi Leray & Nicki Minaj Blick Blick!
38%
Queen Radio: Volume 1 3 Weeks #20 Nicki Minaj & Lil Baby Bussin'
38%
Pink Friday 15 Weeks #49 Nicki Minaj Did It On'em
38%
Pink Friday 2 1 Week #82 Nicki Minaj Pink Friday Girls
38%
Pink Friday 19 Weeks #26 Nicki Minaj Right Thru Me
38%
LUV is Rage 2 23 Weeks #24 Lil Uzi Vert ft. Nicki Minaj & Oh Wonder The Way Life Goes
38%
HNDRXX 2 Weeks #38 Future ft. Nicki Minaj You Da Baddest
38%
The Pinkprint 6 Weeks #62 Nicki Minaj ft. Skylar Grey Bed of Lies
35%
Pink Tape 3 Weeks #20 Lil Uzi Vert ft. Nicki Minaj Endless Fashion
35%
The Pinkprint 1 Week #88 Nicki Minaj ft. Ariana Grande Get On Your Knees
35%
Thank Me Later 2 Weeks #49 Drake ft. Nicki Minaj Up All Night
35%
Hit the Lights 14 Weeks #31 Jay Sean ft. Nicki Minaj 2012 (It Ain't The End)
32%
Non-Album Single 4 Weeks #25 Nicki Minaj Barbie Tingz
32%
Major Key 20 Weeks #27 DJ Khaled ft. Nicki Minaj, Chris Brown, August Alsina, Jeremih, Future & Rick Ross Do You Mind
32%
Pink Friday: Roman Reloaded 1 Week #70 Nicki Minaj ft. Lil Wayne Roman Reloaded
32%
Music Is The Weapon 1 Week #66 Major Lazer ft. PARTYNEXTDOOR & Nicki Minaj Run Up
32%
Rich Gang 20 Weeks #44 Rich Gang ft. Lil Wayne, Birdman, Future, Mack Maine & Nicki Minaj Tapout
32%
Sweetener 2 Weeks #89 Ariana Grande ft. Nicki Minaj The Light Is Coming
32%
Non-Album Single 2 Weeks #65 Nicki Minaj & Mike WiLL Made-It Black Barbies
29%
Fifty Shades Darker 1 Week #54 Nick Jones & Nicki Minaj Bom Bidi Bom
29%
Tha Carter V 1 Week #26 Lil Wayne ft. Nicki Minaj Dark Side of the Moon
29%
Non-Album Single 8 Weeks #63 Tyga ft. Nicki Minaj Dip
29%
Non-Album Single 20 Weeks #36 Sean Kingston ft. Nicki Minaj Letting Go (Dutty Love)
29%
Raymond v. Raymond 16 Weeks #40 Usher ft. Nicki Minaj Lil Freak
29%
X 26 Weeks #23 Chris Brown ft. Nicki Minaj Love More
29%
Mr. Davis 1 Week #78 Gucci Mane & Nicki Minaj Make Love
29%
Floor Seats II 2 Weeks #19 A$AP Ferg ft. Nicki Minaj & MadeinTYO Move Ya Hips
29%
Pink Friday 2 11 Weeks #13 Nicki Minaj Red Ruby da Sleeze
29%
Non-Album Single 3 Weeks #35 Sada Baby ft. Nicki Minaj Whole Lotta Choppas
29%
The Party Never Ends 2 Weeks #68 Juice WRLD & Nicki Minaj AGATS2 (Insecure)
26%
Rebel Heart 2 Weeks #84 Madonna ft. Nicki Minaj Bitch I'm Madonna
26%
Non-Album Single 1 Week #61 Nicki Minaj Regret In Your Tears
26%
Queen 2 Weeks #56 Nicki Minaj ft. Lil Wayne Rich Sex
26%
Non-Album Single 1 Week #55 Kim Petras ft. Nicki Minaj Alone
24%
Pink Friday 2 1 Week #58 Nicki Minaj Barbie Dangerous
24%
Non-Album Single 1 Week #23 Nicki Minaj Big Foot
24%
Trigga 20 Weeks #43 Trey Songz ft. Nicki Minaj Touchin, Lovin
24%
Michael 1 Week #35 Mike WiLL Made-It, Nicki Minaj & YoungBoy Never Broke Again What That Speed Bout?!
24%
Non-Album Single 2 Weeks #23 Nicki Minaj Yikes
24%
Non-Album Single 1 Week #68 Birdman ft. Nicki Minaj & Lil Wayne Y.U. Mad
24%
Dreams Worth More Than Money 2 Weeks #78 Meek Mill ft. Nicki Minaj Bad For You
21%
Non-Album Single 1 Week #71 Nicki Minaj ft. Lil Wayne Changed It
21%
My Beautiful Dark Twisted Fantasy 1 Week #60 Kanye West ft. Teyana Taylor, Nicki Minaj & Bon Iver Dark Fantasy
21%
Excuse My French 7 Weeks #77 French Montana ft. Nicki Minaj Freaks
21%
DC4 1 Week #68 Meek Mill ft. Lil Uzi Vert & Nicki Minaj Froze
21%
Triple F Life: Friends, Fans and Family 1 Week #72 Waka Flocka Flame ft. Nicki Minaj, Tyga & Flo Rida Get Low
21%
Beam Me Up Scotty 1 Week #82 Nicki Minaj Itty Bitty Piggy
21%
Rebirth 5 Weeks #44 Lil Wayne ft. Nicki Minaj Knockout
21%
Non-Album Single 6 Weeks #75 Farruko, Nicki Minaj, Bad Bunny, 21 Savage & Rvssian Krippy Kush
21%
Careless World: Rise of the Last King 1 Week #74 Tyga ft. Nicki Minaj Muthafucka Up
21%
Pink Friday 2 4 Weeks #34 Nicki Minaj ft. Drake Needle
21%
Non-Album Single 10 Weeks #66 Sexyy Red, Nicki Minaj & Tay Keith Pound Town 2
21%
Non-Album Single 2 Weeks #64 Nicki Minaj Roman In Moscow
21%
Kiss The Ring 20 Weeks #58 DJ Khaled ft. Chris Brown, Rick Ross, Nicki Minaj & Lil Wayne Take It To The Head
21%
Turtleneck & Chain 1 Week #82 The Lonely Island ft. Nicki Minaj The Creep
21%
Non-Album Single 17 Weeks #62 Rick Ross ft. Nicki Minaj You The Boss
21%
Beam Me Up Scotty 1 Week #52 Nicki Minaj Fractions
18%
Queen 1 Week #60 Nicki Minaj Ganja Burns
18%
Hear No Evil 1 Week #89 Young Thug ft. Nicki Minaj Anybody
15%
Pink Friday 2 2 Weeks #64 Nicki Minaj Beep Beep
15%
Pink Friday 2 1 Week #89 Nicki Minaj Pink Birthday
15%
Hard II Love 2 Weeks #89 Usher ft. Nicki Minaj She Came To Give It To You
15%
Queen Radio: Volume 1 1 Week #58 Nicki Minaj ft. Fivio Foreign We Go Up
15%
Bionic 2 Weeks #79 Christina Aguilera ft. Nicki Minaj Woohoo
15%
Pink Friday 2 1 Week #60 Nicki Minaj Are You Gone Already
12%
Pink Friday 2 1 Week #73 Nicki Minaj Big Difference
12%
Pink Friday 2 1 Week #87 Madonna ft. Lourdiz Cowgirl
12%
Beam Me Up Scotty 1 Week #100 Nicki Minaj & Skillibeng Crocodile Teeth
12%
Ciara 5 Weeks #44 Ciara ft. Nicki Minaj I'm Out
12%
KIRK 1 Week #43 DaBaby ft. Nicki Minaj iPHONE
12%
Pink Friday 2 1 Week #80 Nicki Minaj ft. Lil Wayne & Tate Kobang RNB
12%
Featuring Ty Dolla $ign 1 Week #83 Ty Dolla $ign ft. Nicki Minaj Expensive
9%
Pink Friday 2 1 Week #63 Nicki Minaj ft. J. Cole Let Me Calm Down
9%
Treat Myself 1 Week #89 Meghan Trainor ft. Nicki Minaj Nice to Meet Ya
9%
Queen 1 Week #98 Nicki Minaj ft. The Weeknd Thought I Knew You
9%
Pink Friday 2 1 Week #95 Nicki Minaj Bahm Bahm
6%
Pink Friday 2 1 Week #74 Nicki Minaj Fallin 4 U
6%
Non-Album Single 1 Week #100 Mariah Carey ft. Nicki Minaj Up Out My Face
6%
I Am Not A Human Being 1 Week #42 Lil Wayne ft. Nicki Minaj What's Wrong With Them
6%
Don't Try This at Home 1 Week #99 YoungBoy Never Broke Again ft. Nicki Minaj WTF
6%
Non-Album Single 1 Week #93 BLEU & Nicki Minaj Love in the Way
3%
Kiss 1 Week #90 Carly Rae Jepsen ft. Nicki Minaj Tonight I'm Getting Over You
3%
No matching quizzes found
Score Distribution
Percent of People with Each Score
Percentile by Number Answered
Your Score History
You have not taken this quiz since the last reset